Statistiken für Liedtext - Selig - Wir werden uns wiedersehen

Klicken Sie hier um das Quiz zu spielen!

Allgemein

  • Dieses Quiz wurde 7 mal gespielt
  • Das Durchschnittsergebnis liegt bei 167 aus 326

Antwortstatistiken

Liedtext% Korrekt
Ich
100%
du
100%
Du
100%
du's
100%
ich
100%
Ich
100%
ich's
100%
in
100%
uns
100%
werden
100%
wiedersehen
100%
Wir
100%
wir
100%
an
75%
das
75%
Das
75%
der
75%
Der
75%
die
75%
Und
75%
gehen
75%
Hab
75%
Habe
75%
nicht
75%
nie
75%
um
75%
Und
75%
und
75%
verstehen
75%
war
75%
zu
75%
auf
50%
dass
50%
Dass
50%
den
50%
dich
50%
komme
50%
mich
50%
sich
50%
sind
50%
zusamm'n
50%
angenommen
25%
aus
25%
ausgegangen
25%
Bescheid
25%
davon
25%
dein
25%
dir
25%
Einsamkeit
25%
erinnerst
25%
Erinnerung
25%
fremden
25%
früh
25%
gemacht
25%
glaubst
25%
gut
25%
Hälfte
25%
hat
25%
Himmel
25%
Leben
25%
Liebe
25%
Liedern
25%
manche
25%
Manchmal
25%
mein'
25%
Mond
25%
Nächte
25%
noch
25%
nur
25%
Ob
25%
ob
25%
oder
25%
rum
25%
Schlaf
25%
siehst
25%
still
25%
Strecke
25%
trage
25%
über
25%
verbringe
25%
vergesse
25%
verschwinden
25%
verspricht
25%
viel
25%
Vielleicht
25%
vielleicht
25%
wache
25%
Wänden
25%
Wissen
25%
Wunde
25%
Wunder
25%
Abendstunden
0%
aufbricht
0%
aushält
0%
bedacht
0%
deinem
0%
deiner
0%
dieser
0%
Egal
0%
Erwartung
0%
gesehen
0%
her
0%
Hör
0%
kenne
0%
liegt
0%
Munde
0%
nochmal
0%
ooh
0%
Schön
0%
sehr
0%
unerkannt
0%
verwandt
0%
verwegen
0%
voll
0%
Vom
0%
weiter
0%
Welt
0%
Wesen
0%
wünsche
0%

Verteilung der Resultate

Perzentil nach korrekt beantworteten Fragen

Anzahl Personen mit jedem Resultat

Ihre Resultats-Entwicklung

Sie haben dieses Quiz noch nicht gespielt